000
00233nam a22001097a 4500
082
_a
671.2 DOE'D
100
_a
DOEHLER, H. H
_9
79145
245
_a
DIE CASTING
260
_a
NEWYORK
_b
MCGRAW HILL
_c
1951
300
_a
502P
942
_c
BK
999
_c
584209
_d
584209